У Лебяжьей Косы: Рассказы, страницы биографии, очерк

Détails bibliographiques
Auteur principal: Воронов В. А. Василий Афанасьевич
Résumé:Исключено из фонда НТБ ТПУ
Langue:russe
Publié: Москва, Современник, 1991
Format: Livre
KOHA link:https://koha.lib.tpu.ru/cgi-bin/koha/opac-detail.pl?biblionumber=135275

MARC

LEADER 00000nam0a2200000 4500
001 135275
005 20231031140018.0
010 |a 5270007193 
020 |a RU  |b 91-37898 
035 |a (RuTPU)RU\TPU\book\146610 
090 |a 135275 
100 |a 20080409d1991 m y0rusy5003 ca 
101 0 |a rus 
102 |a RU 
105 |a y z 000ab 
200 1 |a У Лебяжьей Косы  |e Рассказы, страницы биографии, очерк  |f В. А. Воронов 
210 |a Москва  |c Современник  |d 1991 
215 |a 253,[2] с. 
333 |a Исключено из фонда НТБ ТПУ 
700 1 |a Воронов  |b В. А.  |g Василий Афанасьевич 
801 0 |a RU  |b RuMRKP  |c 19950417  |g psbo 
801 1 |a RU  |b 63413507  |c 20080409  |g PSBO 
801 2 |a RU  |b 63413507  |c 20220513  |g PSBO 
942 |c BK